000 00343nam a22001337a 4500
082 _aP-504
100 _aMuhammad Umar
_915842
245 _aWater conservation at microscopic level
_bMuhammad Umar, Usman Saeed
260 _aMCE
_c2013.
526 _a0
_b0
_c0
_dP_504
650 _aProject
700 _aNaeem Shahzad
_918655
942 _2ddc
_cBK
999 _c550817
_d550817